| 000 | 00961nam a2200217 i 4500 | ||
|---|---|---|---|
| 001 | 164592 | ||
| 003 | ES-MaACL | ||
| 005 | 20250928123905.0 | ||
| 008 | 050802s1880 sp | |||||||| ||spa d | ||
| 040 |
_aCAM _bspa _cCAM |
||
| 100 | 1 |
_aSánchez Moguel, Antonio, _d1838-1913 _9102783 |
|
| 245 | 1 | 0 |
_a[Elogio del Excmo. Sr. D. Jerónimo Borao, pronunciado con motivo del primer aniversario de su muerte / _cAntonio Sánchez Moguel]. |
| 260 |
_a[Zaragoza : _bs.n., _c1880 ( _fImp. del Hospicio Provincial]) |
||
| 300 |
_a16 p. ; _c20 cm. |
||
| 594 | _aDatos tomados de nota ms. en pag.1 y de Ariadna. | ||
| 600 | 1 | 4 |
_aBorao, Jerónimo, _d1821-1878 _930345 |
| 852 |
_aES-MaACL _jT-368-F-13 _z-- Enc. hol. _q-- Falto de la port. _z-- Enc. en un vol. facticio |
||
| 852 |
_aES-MaACL _jT-360-F-18 _z.- Enc. hol. _q-- Falto de la port. _z-- Enc. en un vol. facticio |
||
| 852 |
_aES-MaACL _jT-340-F-2 _q.- Ejemplar sin portada |
||
| 999 |
_c164592 _d164592 |
||